Every Manchester United Goal Scorer in the 2016/17 Premier League - Statistics

General Stats
  • This quiz has been taken 26 times
  • The average score is 48 of 54
Answer Stats
Game Scorer % Correct
Bournemouth (A) Ibrahimovic
100%
Southampton (H) Ibrahimovic
100%
Southampton (H) Ibrahimovic
100%
Manchester City (H) Ibrahimovic
100%
Swansea City (A) Ibrahimovic
100%
Swansea City (A) Ibrahimovic
100%
West Ham (H) Ibrahimovic
100%
Everton (A) Ibrahimovic
100%
Crystal Palace (A) Ibrahimovic
100%
West Bromwich Albion (A) Ibrahimovic
100%
West Bromwich Albion (A) Ibrahimovic
100%
Sunderland (H) Ibrahimovic
100%
West Ham United (A) Ibrahimovic
100%
Liverpool (H) Ibrahimovic
100%
Leicester City (A) Ibrahimovic
100%
Everton (H) Ibrahimovic
100%
Sunderland (A) Ibrahimovic
100%
Hull City (A) Rashford
100%
Watford (A) Rashford
100%
Leicester City (H) Rashford
100%
Sunderland (A) Rashford
100%
Chelsea (H) Rashford
100%
Bournemouth (A) Mata
91%
Leicester City (H) Mata
91%
Arsenal (H) Mata
91%
West Ham United (A) Mata
91%
Leicester City (A) Mata
91%
Watford (H) Mata
91%
Leicester City (H) Pogba
91%
Swansea City (A) Pogba
91%
Crystal Palace (A) Pogba
91%
Middlesbrough (H) Pogba
91%
Crystal Palace (H) Pogba
91%
Middlesbrough (A) Lingard
86%
Stoke City (H) Martial
86%
Middlesbrough (H) Martial
86%
Watford (H) Martial
86%
Burnley (A) Martial
86%
Bournemouth (A) Rooney
86%
Stoke City (A) Rooney
86%
Burnley (A) Rooney
86%
Swansea City (H) Rooney
86%
Tottenham Hotspur (A) Rooney
86%
Middlesbrough (A) Valencia
86%
Middlesbrough (A) Fellaini
77%
Chelsea (H) Herrera
77%
Bournemouth (H) Rojo
73%
Leicester City (H) Smalling
73%
Sunderland (H) Blind
68%
Tottenham Hotspur (H) Mkhitaryan
64%
Sunderland (H) Mkhitaryan
64%
Leicester City (A) Mkhitaryan
64%
Sunderland (A) Mkhitaryan
45%
Crystal Palace (H) Harrop
27%
No matching quizzes found
Score Distribution
Percent of People with Each Score
Percentile by Number Answered
Your Score History
You have not taken this quiz